| 000 | 00463cam a22001694a 4500 | ||
|---|---|---|---|
| 020 | _a0130139114 | ||
| 020 | _a0735201331 (pbk.) | ||
| 040 | _cDLC | ||
| 082 | 0 | 0 | _a153 PRE 2000 C146 Or. |
| 100 | 1 | _aStine, Jean. | |
| 245 | 1 | 0 |
_aSuper brain power : _b6 keys to unlocking your hidden genius / |
| 260 |
_aParamus, N.J. : _bPrentice Hall, _cc2000. |
||
| 300 |
_axxi, 262 p. ; _c24 cm. |
||
| 650 | 0 | _aIntellect | |
| 650 | 0 | _aMultiple intelligences. | |
| 942 | _cAEDBB | ||
| 999 |
_c18465 _d18465 |
||